000 00798cab a2200241 4500
001 WB3447-27
008 090401t1998 xxu||||| |||| 00| 0 eng d
035 _a(Sirsi) u90187
041 _aeng
245 _aRICS defends self-regulation
260 _c1998
350 _a0
490 _aEstates Gazette
_v(9849) 5 December 1998, 39(1)
520 _aThe Consumers` Association has called for government to review the way professions are regulated. However, the RICS believes the surveying profession "is sufficiently well-regulated".
650 _aCONSUMERS ASSOCIATION
650 _aPROFESSIONS
650 _aRICS
650 _aSELF-REGULATION
650 _aSURVEYING PROFESSION
690 _aMANAGEMENT-BUSINESS MANAGEMENT-PROFESSIONAL PRACTICE
942 _n0
948 _c08/12/1998
999 _c57139
_d57139